[Event "Championnat de Paris Open A"]
[Site "Paris"]
[Date "2012.07.08"]
[Round "2.54"]
[White "Renouard, Ludovic"]
[Black "Eid, Maha"]
[Result "0-1"]
[WhiteElo "1886"]
[BlackElo "2051"]
[PlyCount "84"]
[EventDate "2012.??.??"]

1. e4 c5 2. Nc3 e6 3. Nf3 Nc6 4. d4 cxd4 5. Nxd4 Qc7 6. Nf3 a6 7. Bd3 Nf6 8. h3
b5 9. Qe2 d6 10. O-O Be7 11. Bf4 Nd7 12. Rad1 Nde5 13. Nxe5 dxe5 14. Be3 O-O
15. Rc1 Nd4 16. Qg4 f5 17. exf5 exf5 18. Qh5 Be6 19. Bxd4 exd4 20. Ne2 Rad8 21.
Ng3 g6 22. Qh6 Bf6 23. h4 Bg7 24. Qd2 Bd5 25. Rce1 Qf7 26. f4 Bf6 27. h5 Qg7
28. Re2 Bh4 29. Qe1 Bf6 30. b3 Qh6 31. hxg6 hxg6 32. Qf2 Kf7 33. Rfe1 Rh8 34.
c4 dxc3 35. Qa7+ Kf8 36. Qc5+ Kg7 37. Re7+ Bf7 38. Rxf7+ Kxf7 39. Qc7+ Kg8 40.
Re6 Qg7 41. Qc6 Rxd3 42. Rxf6 Rxg3 0-1

[Event "Championnat de Paris Open A"]
[Site "Paris"]
[Date "2012.07.08"]
[Round "2.55"]
[White "Redjem, Mohamed"]
[Black "Mirimanian, Haik"]
[Result "0-1"]
[WhiteElo "1874"]
[BlackElo "2048"]
[PlyCount "110"]
[EventDate "2012.??.??"]

1. e4 g6 2. d4 Bg7 3. Nf3 d6 4. Nc3 e5 5. Bg5 f6 6. Be3 Be6 7. dxe5 dxe5 8.
Qxd8+ Kxd8 9. O-O-O+ Nd7 10. Be2 Bh6 11. Rd3 c6 12. Rhd1 Kc7 13. Rd6 Re8 14.
Bc4 Nf8 15. Bxe6 Rxe6 16. Rd8 Bxe3+ 17. fxe3 Nh6 18. h3 Nf7 19. Ra8 a6 20. Na4
Rd6 21. Nc5 Rxd1+ 22. Kxd1 Nd8 23. Nd3 Nd7 24. Nb4 Nb6 25. Nxa6+ bxa6 26. Rxa6
Nc4 27. Kc1 Nb7 28. b4 Rd8 29. b5 Rd6 30. bxc6 Nxe3 31. Ne1 Rxc6 32. Ra8 Nc5
33. Ra7+ Nb7 34. Ra8 h5 35. h4 Nc5 36. Rg8 f5 37. exf5 Nxf5 38. Nf3 Nd7 39. Re8
Kd6 40. Kd2 Rc5 41. Rg8 Ne7 42. Rd8 Rd5+ 43. Ke3 Ke6 44. c4 Nf5+ 45. Ke2 Ra5
46. Rc8 Rxa2+ 47. Nd2 Nxh4 48. Rc6+ Kf5 49. g3 Nf3 50. Rc7 Rxd2+ 51. Kxf3 Nf6
52. c5 e4+ 53. Ke3 Nd5+ 54. Kxd2 Nxc7 55. Ke3 Ke5 0-1

[Event "Championnat de Paris Open A"]
[Site "Paris"]
[Date "2012.07.08"]
[Round "2.56"]
[White "Chitrit, Norbert"]
[Black "Levoux, Sebastien"]
[Result "0-1"]
[WhiteElo "1871"]
[BlackElo "2046"]
[PlyCount "72"]
[EventDate "2012.??.??"]

1. e4 e6 2. d4 d5 3. Nc3 Nf6 4. Bg5 Be7 5. e5 Nfd7 6. h4 Bxg5 7. hxg5 Qxg5 8.
Nh3 Qe7 9. Qg4 f6 10. f4 c5 11. dxc5 fxe5 12. fxe5 Nxe5 13. Qh5+ Nf7 14. b4 g6
15. Bb5+ Nc6 16. Qe2 Qh4+ 17. Kd1 Qxb4 18. Nxd5 Qd4+ 19. Ke1 Qxa1+ 20. Kf2 Qd4+
21. Ne3 O-O 22. Ke1 Qa1+ 23. Nd1 Nd4 24. Qc4 Nxb5 25. Qxb5 Qe5+ 26. Kd2 Rd8+
27. Kc1 Qa1+ 28. Qb1 Qxb1+ 29. Kxb1 e5 30. Nhf2 Be6 31. Nc3 Rac8 32. Nce4 Kg7
33. c3 Bf5 34. Kb2 Bxe4 35. Nxe4 b6 36. cxb6 axb6 0-1

[Event "Championnat de Paris Open A"]
[Site "Paris"]
[Date "2012.07.08"]
[Round "2.57"]
[White "Bourcier, Laurent"]
[Black "Poelstra, Ben"]
[Result "1-0"]
[WhiteElo "1859"]
[BlackElo "2041"]
[PlyCount "65"]
[EventDate "2012.??.??"]

1. d4 Nf6 2. c4 e6 3. Nf3 b6 4. a3 Bb7 5. Nc3 d5 6. cxd5 Nxd5 7. e3 Be7 8. Bb5+
c6 9. Bd3 O-O 10. e4 Nxc3 11. bxc3 c5 12. O-O Nd7 13. Bf4 Qc8 14. Qe2 Re8 15.
Rfe1 Bf6 16. e5 Be7 17. Ng5 Bxg5 18. Bxg5 Nf8 19. Qg4 cxd4 20. cxd4 Qc3 21.
Rad1 Qxa3 22. Re3 Qa4 23. Rh3 Rac8 24. Bf6 Ng6 25. Qh5 gxf6 26. exf6 Qxd1+ 27.
Qxd1 Red8 28. Qh5 Rc1+ 29. Bf1 Kf8 30. Qxh7 Ke8 31. Qg8+ Nf8 32. Rh7 Kd7 33.
Qxf7+ 1-0

[Event "Championnat de Paris Open A"]
[Site "Paris"]
[Date "2012.07.08"]
[Round "2.58"]
[White "Murchadha, Oissine"]
[Black "Guerlach, Frederic"]
[Result "0-1"]
[WhiteElo "1857"]
[BlackElo "2038"]
[PlyCount "112"]
[EventDate "2012.??.??"]

1. e4 e5 2. Nf3 Nc6 3. Bb5 a6 4. Ba4 d6 5. O-O Bd7 6. c3 Nf6 7. Re1 g6 8. h3
Bg7 9. d4 b5 10. Bc2 O-O 11. a4 Rb8 12. Nbd2 Nh5 13. dxe5 Nxe5 14. Nxe5 dxe5
15. Nf3 Qe7 16. axb5 axb5 17. Bg5 f6 18. Bb3+ Kh8 19. Be3 Be6 20. Bxe6 Qxe6 21.
b4 Rfd8 22. Qc2 Bf8 23. Nd2 Qc6 24. Ra2 Ra8 25. Rea1 Rxa2 26. Rxa2 Ng7 27. Nb3
Ne6 28. f3 h5 29. Na5 Qd7 30. Nb3 Kh7 31. Qe2 Qd3 32. Qxd3 Rxd3 33. Bd2 Bxb4
34. Nc1 Bc5+ 35. Kf1 Rd7 36. Nb3 Bb6 37. g3 f5 38. exf5 gxf5 39. Ke2 e4 40. g4
fxg4 41. hxg4 exf3+ 42. Kxf3 h4 43. Be1 Rd3+ 44. Ke4 Re3+ 45. Kf5 Rxe1 46. Rh2
Ng7+ 47. Kf6 Re6+ 48. Kf7 Rh6 49. g5 Rh5 50. Nd2 Be3 51. g6+ Kh6 52. Ne4 Bf4
53. Rh1 Rf5+ 54. Kg8 Kxg6 55. Rxh4 Ne6 56. Rg4+ Bg5 0-1

[Event "Championnat de Paris Open A"]
[Site "Paris"]
[Date "2012.07.08"]
[Round "2.59"]
[White "Mezioud, Rimel"]
[Black "Seme, Christian"]
[Result "1-0"]
[WhiteElo "2034"]
[BlackElo "1835"]
[PlyCount "75"]
[EventDate "2012.??.??"]

1. e4 c5 2. Nf3 d6 3. d4 cxd4 4. Nxd4 Nf6 5. Nc3 a6 6. a4 Nc6 7. Be2 e6 8. O-O
Be7 9. Be3 Qc7 10. f4 O-O 11. Nb3 b6 12. Bf3 Bb7 13. Qe2 Nd7 14. Rad1 Rac8 15.
Rd2 Rfd8 16. Rfd1 Nc5 17. Nxc5 dxc5 18. f5 Nd4 19. Bxd4 cxd4 20. Nb1 Bb4 21. c3
dxc3 22. bxc3 Bc5+ 23. Kh1 exf5 24. exf5 Bxf3 25. Qxf3 Rxd2 26. Nxd2 Bd6 27.
Ne4 Be5 28. Qd3 a5 29. h3 h6 30. Qb5 Bf4 31. f6 Qe5 32. Qd7 Rc7 33. Qd8+ Kh7
34. Qd3 g6 35. Qd8 h5 36. Re1 Rxc3 37. Qf8 Bh6 38. Ng5+ 1-0

[Event "Championnat de Paris Open A"]
[Site "Paris"]
[Date "2012.07.08"]
[Round "2.60"]
[White "Treppendahl, Trine"]
[Black "Hirschmann, Georges"]
[Result "1-0"]
[WhiteElo "2027"]
[BlackElo "1841"]
[PlyCount "87"]
[EventDate "2012.??.??"]

1. d4 d5 2. Nf3 Nf6 3. Bf4 e6 4. e3 Bd6 5. Bg3 c5 6. Nbd2 Nc6 7. c3 Qe7 8. Ne5
Bxe5 9. dxe5 Ng8 10. Nf3 f5 11. exf6 Nxf6 12. c4 O-O 13. Bh4 Qd6 14. Be2 Bd7
15. a3 Be8 16. Rc1 a5 17. cxd5 exd5 18. Qc2 b6 19. Rd1 Bg6 20. Qb3 Ne7 21. Bg3
Qc6 22. Ne5 Qe6 23. Nf3 a4 24. Qc3 Ne4 25. Qe5 Qxe5 26. Bxe5 Nf6 27. Bc7 Nd7
28. Bd6 Rf7 29. Ng5 Nc8 30. Nxf7 Bxf7 31. Bf4 Ne7 32. Bb5 Nf6 33. O-O Ng6 34.
Bg5 Ne4 35. h4 h6 36. Bf4 Nxf4 37. exf4 Nd6 38. Bc6 Ra7 39. Bxd5 Nc4 40. Bxc4
Bxc4 41. Rfe1 Kf7 42. Rd6 Rb7 43. Re4 Bb3 44. Re5 1-0

[Event "Championnat de Paris Open A"]
[Site "Paris"]
[Date "2012.07.08"]
[Round "2.61"]
[White "Marcelin, Philippe"]
[Black "Guez, Fabien"]
[Result "0-1"]
[WhiteElo "1851"]
[BlackElo "2026"]
[PlyCount "78"]
[EventDate "2012.??.??"]

1. d4 Nf6 2. c4 e6 3. Nc3 d5 4. Nf3 Bb4 5. e3 O-O 6. a3 Be7 7. Bd3 c5 8. O-O
Nc6 9. dxc5 Bxc5 10. b4 Bd6 11. cxd5 exd5 12. Nb5 Bb8 13. Bb2 Bg4 14. Be2 a6
15. Nbd4 Ne4 16. Nxc6 bxc6 17. Rc1 Qd6 18. Be5 Qh6 19. Bxb8 Rfxb8 20. Nd4 Bxe2
21. Qxe2 Rb6 22. Nb3 Qd6 23. Qd3 Nf6 24. Qd4 Rab8 25. Rc2 h5 26. h3 Ne8 27.
Rfc1 Nc7 28. Na5 Nb5 29. Qd3 Rc8 30. Rc5 Qe6 31. a4 Na7 32. Qd4 Rcb8 33. Qd3 g6
34. Qc3 Rxb4 35. Nxc6 Nxc6 36. Rxc6 Qe4 37. Rxa6 Rc4 38. Qe1 Rxc1 39. Qxc1 Rb1
0-1

[Event "Championnat de Paris Open A"]
[Site "Paris"]
[Date "2012.07.08"]
[Round "2.62"]
[White "Baguette, Francois"]
[Black "Vergara, Daniel"]
[Result "1-0"]
[WhiteElo "1834"]
[BlackElo "2023"]
[PlyCount "74"]
[EventDate "2012.??.??"]

1. d4 d5 2. Nf3 Nf6 3. c3 Bf5 4. Qb3 Qc8 5. Bf4 e6 6. e3 Nbd7 7. Nh4 Bg6 8.
Nxg6 hxg6 9. Nd2 c5 10. c4 Nb6 11. cxd5 Nbxd5 12. Bb5+ Nd7 13. Bg3 cxd4 14. O-O
dxe3 15. fxe3 Bc5 16. Nc4 O-O 17. Nd6 Qd8 18. Nxb7 Qe7 19. Nxc5 Nxc5 20. Qa3
Ne4 21. Qxe7 Nxe7 22. Be1 Nd5 23. Bc6 Rac8 24. Bxd5 exd5 25. Bb4 Rfd8 26. Rac1
Rc4 27. Rxc4 dxc4 28. g3 Rd3 29. Rc1 c3 30. Bxc3 Rxe3 31. Bd4 Re2 32. Bxa7 Rxb2
33. Ra1 Kf8 34. a4 Nc3 35. a5 Ke8 36. Bb6 Kd7 37. a6 Nb5 1-0

[Event "Championnat de Paris Open A"]
[Site "Paris"]
[Date "2012.07.08"]
[Round "2.63"]
[White "Besombes, Romain"]
[Black "Fournier, Dimitri"]
[Result "1-0"]
[WhiteElo "1823"]
[BlackElo "1995"]
[PlyCount "105"]
[EventDate "2012.??.??"]

1. d4 Nf6 2. c4 e6 3. Nc3 Bb4 4. e3 c5 5. Nge2 O-O 6. a3 Bxc3+ 7. Nxc3 cxd4 8.
exd4 d5 9. cxd5 Nxd5 10. Be2 Nc6 11. Bf3 Nde7 12. Be3 Nf5 13. Bxc6 Nxe3 14.
fxe3 bxc6 15. O-O Qg5 16. Qf3 Rb8 17. Rf2 c5 18. Ne4 Qe7 19. Nxc5 e5 20. Rc1
exd4 21. exd4 Rd8 22. Re2 Qd6 23. Qf2 Bg4 24. Rd2 Qh6 25. Rf1 Bh5 26. Re1 Qd6
27. Qe3 Qc6 28. Qe4 Rd5 29. Nd3 Bg6 30. Nb4 Bxe4 31. Nxc6 Re8 32. Nb4 Rd6 33.
Na2 g6 34. Nc3 Bc6 35. Rxe8+ Bxe8 36. Kf2 Kg7 37. d5 Bc6 38. Ke3 Ba8 39. g3 a6
40. Kd4 f5 41. Kc5 Rd8 42. d6 Kf6 43. Nd5+ Bxd5 44. Kxd5 g5 45. Kc6 f4 46. Kc7
Rg8 47. d7 Kf5 48. gxf4 gxf4 49. d8=Q Rxd8 50. Rxd8 f3 51. b4 Ke4 52. a4 f2 53.
Rf8 1-0

[Event "Championnat de Paris Open A"]
[Site "Paris"]
[Date "2012.07.08"]
[Round "2.64"]
[White "Inouss, Badr"]
[Black "Lazo, Andrei"]
[Result "1-0"]
[WhiteElo "1942"]
[BlackElo "2241"]
[PlyCount "75"]
[EventDate "2012.??.??"]

1. d4 d5 2. c4 c6 3. Nc3 Nf6 4. cxd5 cxd5 5. Bf4 Nc6 6. e3 a6 7. Bd3 e6 8. Nf3
Bd6 9. Bg5 Be7 10. a3 O-O 11. O-O Bd7 12. Qe2 Rc8 13. e4 dxe4 14. Nxe4 Nd5 15.
Qd2 f6 16. Be3 Na5 17. Qd1 f5 18. Nc5 Nxe3 19. fxe3 Rxc5 20. dxc5 Bxc5 21. Qe2
Qb6 22. Kh1 Nb3 23. Rab1 Rd8 24. e4 f4 25. e5 g6 26. Ng5 Be3 27. Nxh7 Bb5 28.
Nf6+ Kg7 29. Bxb5 axb5 30. Qg4 Rh8 31. Rf3 Nd4 32. Rh3 Qd8 33. Nh5+ Rxh5 34.
Rxh5 Nf5 35. Rd1 Qe8 36. Rh3 b4 37. Qg5 Qf8 38. Rd7+ 1-0

[Event "Championnat de Paris Open A"]
[Site "Paris"]
[Date "2012.07.08"]
[Round "2.65"]
[White "Nielsen, Morten"]
[Black "Rakem, Zine-Eddine"]
[Result "1-0"]
[WhiteElo "1937"]
[BlackElo "2139"]
[PlyCount "43"]
[EventDate "2012.??.??"]

1. e4 c6 2. c4 d5 3. exd5 cxd5 4. cxd5 Qxd5 5. Nc3 Qd6 6. d4 e6 7. g3 Nf6 8.
Bf4 Qd7 9. Bxb8 Rxb8 10. Bb5 Bb4 11. Bxd7+ Bxd7 12. a3 Ba5 13. b4 Bb6 14. Nge2
Bc6 15. O-O a6 16. a4 g5 17. b5 axb5 18. axb5 Bf3 19. Qd3 g4 20. Na4 Bc7 21.
Rfc1 Bd6 22. Nb6 1-0

[Event "Championnat de Paris Open A"]
[Site "Paris"]
[Date "2012.07.08"]
[Round "2.66"]
[White "Dicko, Henri"]
[Black "Marchand, Andre"]
[Result "1-0"]
[WhiteElo "2121"]
[BlackElo "1944"]
[PlyCount "53"]
[EventDate "2012.??.??"]

1. b3 Nf6 2. Nf3 d5 3. g3 g6 4. Bg2 Bg7 5. Bb2 O-O 6. O-O c5 7. c4 Nc6 8. cxd5
Nxd5 9. Bxg7 Kxg7 10. d4 cxd4 11. Nxd4 f6 12. Nxc6 bxc6 13. Qc1 Qb6 14. Nd2 Ba6
15. Re1 Rfd8 16. Ne4 e5 17. h4 Re8 18. Qa3 Rad8 19. Rac1 Nb4 20. Nc5 Bc8 21.
Qb2 Bf5 22. a3 Na6 23. Nxa6 Qxa6 24. Rxc6 Qa5 25. b4 Qa4 26. Rc7+ Bd7 27. Bc6
1-0

[Event "Championnat de Paris Open A"]
[Site "Paris"]
[Date "2012.07.08"]
[Round "2.67"]
[White "Szylar, Eric"]
[Black "Kramo, Sosthene"]
[Result "1-0"]
[WhiteElo "2105"]
[BlackElo "1943"]
[PlyCount "77"]
[EventDate "2012.??.??"]

1. e4 e5 2. Nc3 Nf6 3. f4 d5 4. fxe5 Nxe4 5. d3 Bb4 6. dxe4 Qh4+ 7. Ke2 Bxc3 8.
bxc3 Bg4+ 9. Nf3 dxe4 10. Qd4 Bh5 11. Kd2 Bxf3 12. gxf3 O-O 13. Qxe4 Qf2+ 14.
Kd1 Rd8+ 15. Bd3 g6 16. Bg5 Re8 17. f4 Nc6 18. Rb1 Qc5 19. Bf6 Ne7 20. Qb4 Qd5
21. Qxb7 c6 22. Rf1 Nf5 23. Rf2 Qc5 24. e6 Nd6 25. exf7+ Nxf7 26. Bd4 Qd5 27.
Re2 Rad8 28. Rb5 Qh1+ 29. Kd2 Rxe2+ 30. Bxe2 Qxh2 31. Qxc6 Qxf4+ 32. Kd1 Qf2
33. Qf3 Qg1+ 34. Qf1 Rxd4+ 35. cxd4 Qxd4+ 36. Bd3 Qa1+ 37. Kd2 Qd4 38. Rb7 Nd6
39. Rb8+ 1-0

[Event "Championnat de Paris Open A"]
[Site "Paris"]
[Date "2012.07.08"]
[Round "2.68"]
[White "Santos Filho, Tadeu Sousa"]
[Black "Djordjevic, Vladimir"]
[Result "1-0"]
[WhiteElo "2090"]
[BlackElo "1942"]
[PlyCount "137"]
[EventDate "2012.??.??"]

1. e4 e6 2. d3 d5 3. Nd2 Nf6 4. Ngf3 Be7 5. g3 O-O 6. Bg2 Nbd7 7. O-O c6 8. Re1
dxe4 9. dxe4 e5 10. Nc4 Qc7 11. Bg5 Re8 12. Bxf6 Bxf6 13. Qd6 Qd8 14. Rad1 Qe7
15. Bh3 Nf8 16. Qxe7 Rxe7 17. Bxc8 Rxc8 {=} 18. Kf1 g6 19. Ke2 Kg7 20. Rd3 Rcc7
21. Ra3 b5 22. Ne3 h5 23. Rd1 Ne6 24. c3 Nc5 25. Nd2 Red7 26. h4 Be7 27. b4 Na4
28. Rb3 a6 29. f3 Rc8 30. Ndf1 Rcd8 31. Rxd7 Rxd7 32. c4 Rd4 33. Nd2 c5 34.
cxb5 axb5 35. bxc5 Bxc5 36. Nd5 b4 37. Rd3 f5 38. Rxd4 exd4 39. Kd3 fxe4+ 40.
Nxe4 Ba7 41. Nxb4 Nb2+ 42. Kc2 Nc4 43. a4 Bb6 44. Nc6 Kf7 45. Kb3 Na5+ 46. Nxa5
Bxa5 47. Kc4 Bb6 48. Kb5 Bc7 49. Kc4 Bb6 50. Kb5 Bc7 51. a5 d3 52. f4 Bxa5 53.
Kxa5 Ke6 54. Nc5+ Kf5 55. Nxd3 Kg4 {=} 56. Ne5+ Kxg3 57. Nxg6 Kg4 58. Kb4 Kf5
59. Kc4 Kxg6 60. Kd4 Kf5 61. Ke3 Kf6 62. Ke4 Ke6 63. f5+ Kf7 64. Kf3 Kg7 65.
Ke4 Kf7 66. Ke5 Kg7 67. f6+ Kf8 68. Kf5 Kf7 69. Kg5 1-0

[Event "Championnat de Paris Open A"]
[Site "Paris"]
[Date "2012.07.08"]
[Round "2.69"]
[White "Bonvalot, Isabelle"]
[Black "Elkaim, Olivier"]
[Result "1-0"]
[WhiteElo "1935"]
[BlackElo "2087"]
[PlyCount "89"]
[EventDate "2012.??.??"]

1. e4 c5 2. c3 d6 3. d4 Nf6 4. Bd3 g6 5. dxc5 Bg7 6. cxd6 O-O 7. Nf3 exd6 8.
O-O Re8 9. Re1 Nbd7 10. Bg5 Nc5 11. Bc2 Qb6 12. Bxf6 Bxf6 13. Qc1 d5 14. Nbd2
Bd7 15. exd5 Rxe1+ 16. Nxe1 Re8 17. Nc4 Qa6 18. Ne3 Qb6 19. Nd3 Ne4 20. Nc4 Qc7
21. Bb3 Bb5 22. d6 Nxd6 23. Qf4 Bxc4 24. Bxc4 Qxc4 25. Qxd6 Kg7 26. g3 Rd8 27.
Ne5 Qe4 28. Nd7 Be7 29. Qd2 Qe6 30. Qd4+ Kg8 31. Rd1 Qe2 32. Rd2 Qe1+ 33. Kg2
Qe6 34. c4 h5 35. h4 Rc8 36. b3 Rd8 37. b4 Qf5 38. c5 Qe6 39. a4 Qc6+ 40. Qd5
Qc7 41. b5 Rc8 42. Rc2 Kg7 43. c6 b6 44. Qd4+ Kh7 45. Re2 1-0

[Event "Championnat de Paris Open A"]
[Site "Paris"]
[Date "2012.07.08"]
[Round "2.70"]
[White "Levesque, Thomas"]
[Black "Forget, Cyril"]
[Result "1-0"]
[WhiteElo "2086"]
[BlackElo "1935"]
[PlyCount "172"]
[EventDate "2012.??.??"]

1. d4 d5 2. c4 e6 3. Nc3 c5 4. cxd5 exd5 5. Nf3 Nc6 6. e3 Nf6 7. Bb5 Bd6 8. O-O
O-O 9. h3 a6 10. Bxc6 bxc6 11. Qc2 cxd4 12. exd4 Nh5 13. Re1 Re8 14. Bg5 Qd7
15. Rxe8+ Qxe8 16. Re1 Qd7 17. Na4 f6 18. Nb6 Qb7 19. Nxa8 fxg5 20. Nxg5 Nf6
21. Nf3 Qxa8 22. Ne5 Bb7 23. g4 Qc8 24. Qe2 c5 25. dxc5 Qxc5 26. Nd3 Qc7 27.
Qe6+ Kf8 28. Qf5 Bc8 29. Qf3 Kg8 30. Rc1 Qb8 31. Qe2 Bd7 32. Nc5 Qb5 33. Qxb5
Bxb5 34. b4 Nd7 35. a4 Bc6 36. Nxd7 Bxd7 37. b5 a5 38. Kf1 Kf7 39. Ke2 Ke6 40.
Kd3 Ke5 41. Re1+ Kf6 42. Rc1 g5 43. f3 Bf4 44. Rc2 Be5 45. Re2 Bc8 46. Kc2 Bd7
47. Kb3 Bf4 48. Rc2 Be5 49. Rc1 Bf4 50. Rh1 Bg3 51. Kc3 Ke5 52. Kb3 Kd6 53. Ka3
Bf2 54. Rf1 Be3 55. Kb3 Bf4 56. Kc3 Be8 57. Rb1 Be5+ 58. Kd2 Bd7 59. Ke2 Kc5
60. Kd3 Bf4 61. Rb2 Kd6 62. Re2 Be5 63. b6 Bc6 64. Rc2 Bf4 65. Rb2 Bb7 66. Kc2
Kc6 67. Rb5 Be3 68. Rxa5 Kxb6 69. Rb5+ Kc6 70. Rb3 Bd4 71. a5 Bc5 72. Kd2 Bg1
73. Rc3+ Kd6 74. Rc1 Bc5 75. Kc3 Kc6 76. Re1 Kd6 77. Re8 d4+ 78. Kc4 Bd5+ 79.
Kd3 Bxf3 80. a6 Bc6 81. Rb8 Ba7 82. Rd8+ Ke6 83. Kc4 Bb6 84. Rh8 Be4 85. Re8+
Kd6 86. Rxe4 Ba7 1-0

[Event "Championnat de Paris Open A"]
[Site "Paris"]
[Date "2012.07.08"]
[Round "2.71"]
[White "Marek, Yves"]
[Black "Nikonoff, James"]
[Result "1-0"]
[WhiteElo "2070"]
[BlackElo "1934"]
[PlyCount "117"]
[EventDate "2012.??.??"]

1. d4 Nf6 2. Bg5 d5 3. Bxf6 gxf6 4. e3 Bf5 5. Nd2 e6 6. c4 c6 7. Qb3 Qb6 8.
Qxb6 axb6 9. cxd5 exd5 10. Ngf3 Nd7 11. Be2 Bd6 12. O-O h5 13. Nh4 Be6 14. f4
f5 15. Bd3 Nf6 16. Nxf5 Bc7 17. Ng7+ Ke7 18. Nxe6 fxe6 19. h3 Rag8 20. Nf3 Rg3
21. Kf2 Rhg8 22. Rg1 Bd6 23. Ng5 Bxf4 24. exf4 Rxd3 25. Rae1 Kd7 26. Rd1 Rxd1
27. Rxd1 Ne8 28. g4 hxg4 29. hxg4 Nd6 30. Kf3 c5 31. dxc5 bxc5 32. Rh1 Rg7 33.
Re1 Re7 34. Nh3 b5 35. Nf2 c4 36. g5 Nf5 37. a3 Kd6 38. Ng4 Rb7 39. Ne3 Ne7 40.
Rd1 Kc5 41. Nc2 Nc6 42. Ke3 Rh7 43. f5 exf5 44. Kf4 Rh2 45. Ne3 d4 46. Nxf5
Rf2+ 47. Ke4 Re2+ 48. Kf4 d3 49. g6 Rg2 50. g7 Nd4 51. b4+ cxb3 52. Rc1+ Nc2
53. Ng3 Kd4 54. g8=Q Kc3 55. Ne4+ Kb2 56. Qxg2 Kxc1 57. Qd2+ Kb2 58. Qxd3 Kxa3
59. Nc5 1-0

[Event "Championnat de Paris Open A"]
[Site "Paris"]
[Date "2012.07.08"]
[Round "2.72"]
[White "Benbara, Brahim"]
[Black "Walheim, Pascal"]
[Result "0-1"]
[WhiteElo "2057"]
[BlackElo "1926"]
[PlyCount "58"]
[EventDate "2012.??.??"]

1. d4 Nf6 2. Nf3 g6 3. Bf4 Bg7 4. Nc3 d5 5. Qd2 Ne4 6. Nxe4 dxe4 7. Ne5 Be6 8.
Qb4 Qc8 9. O-O-O c6 10. h3 a5 11. Qa3 b5 12. Ng4 Nd7 13. Kb1 Nb6 14. Qe3 Nd5
15. Qg3 Nb4 16. a3 Nd5 17. f3 exf3 18. gxf3 b4 19. a4 Nb6 20. b3 Nd5 21. Rd3 c5
22. Ne5 cxd4 23. Rxd4 Nc3+ 24. Kb2 Nxa4+ 25. bxa4 Qc3+ 26. Kc1 Qxd4 27. e4 O-O
28. Bb5 Rac8 29. Rh2 Rc5 0-1

[Event "Championnat de Paris Open A"]
[Site "Paris"]
[Date "2012.07.08"]
[Round "2.73"]
[White "Probert, Luc"]
[Black "Bucaille, Guy"]
[Result "1/2-1/2"]
[WhiteElo "1919"]
[BlackElo "2046"]
[PlyCount "89"]
[EventDate "2012.??.??"]

1. e4 c5 2. Nf3 d6 3. Bb5+ Nc6 4. O-O Bd7 5. Re1 Nf6 6. c3 a6 7. Bf1 Bg4 8. h3
Bxf3 9. Qxf3 g6 10. d3 Bg7 11. Qd1 e5 12. Bg5 h6 13. Be3 O-O 14. Qd2 Kh7 15. g4
g5 16. Bg2 Ne7 17. Na3 Ng6 18. Nc2 Nf4 19. Bxf4 gxf4 20. Red1 Qe7 21. Ne1 Kh8
22. Nf3 Nh7 23. c4 Bf6 24. Kf1 Rg8 25. Ke2 h5 26. Rh1 Nf8 27. Rag1 h4 28. Qc2
Ne6 29. Rb1 b5 30. Rhd1 Rgc8 31. Kf1 Rc7 32. Kg1 Nd4 33. Nxd4 cxd4 34. b3 Rb8
35. Qe2 Bg5 36. Bf3 Rbc8 37. Rb2 Qd7 38. Qc2 Qc6 39. Rbb1 Qb6 40. Qd2 Kg7 41.
Kh1 Rc6 42. Kg1 R6c7 43. Kh1 Rc6 44. Kg1 R6c7 45. Kh1 1/2-1/2

[Event "Championnat de Paris Open A"]
[Site "Paris"]
[Date "2012.07.08"]
[Round "2.74"]
[White "Lam-Roques, Kalvin"]
[Black "Contois, Frederick-Andre"]
[Result "0-1"]
[WhiteElo "2039"]
[BlackElo "1914"]
[PlyCount "50"]
[EventDate "2012.??.??"]

1. Nf3 Nf6 2. c4 e6 3. g3 b6 4. Bg2 Bb7 5. Nc3 g6 6. O-O Bg7 7. Rb1 O-O 8. Qc2
d6 9. b4 Nbd7 10. d4 c5 11. bxc5 dxc5 12. e3 Rc8 13. Ba3 cxd4 14. Bxf8 Qxf8 15.
Nxd4 Bxg2 16. Kxg2 Ne5 17. Qe2 Rxc4 18. Nf3 Qa8 19. Nb5 g5 20. Nd6 g4 21. Kh1
Nxf3 22. e4 Rc5 23. Rfc1 Qc6 24. Rxc5 bxc5 25. Rd1 Nd4 0-1

[Event "Championnat de Paris Open A"]
[Site "Paris"]
[Date "2012.07.08"]
[Round "2.75"]
[White "Selvi, Laurent"]
[Black "Ek, Alexandre"]
[Result "1-0"]
[WhiteElo "2036"]
[BlackElo "1896"]
[PlyCount "101"]
[EventDate "2012.??.??"]

1. d4 Nf6 2. Nf3 g6 3. Bg5 Ne4 4. Bh4 d5 5. e3 c5 6. Nbd2 Qb6 7. Rb1 Bg4 8.
Nxe4 dxe4 9. dxc5 Qxc5 10. Qd4 Qxd4 11. Nxd4 a6 12. Bc4 Nc6 13. Bd5 Nxd4 14.
exd4 Rd8 15. Bxb7 Rxd4 16. Bxa6 Bd7 17. b3 e3 18. Bg3 exf2+ 19. Bxf2 Re4+ 20.
Kf1 Bg7 21. Bd3 Rf4 22. g3 Rf3 23. Be4 Rc3 24. Rd1 Bh3+ 25. Ke1 Rc8 26. c4 f5
27. Bd5 Bc3+ 28. Ke2 e5 29. Kd3 Bb4 30. Kc2 Bg4 31. Ra1 Ke7 32. a3 Bd6 33. h3
Bh5 34. b4 g5 35. Rae1 Kf6 36. Kb3 e4 37. g4 fxg4 38. hxg4 Bxg4 39. Bd4+ Be5
40. Bxe5+ Kxe5 41. Rxe4+ Kf5 42. Rf1+ Kg6 43. Rxg4 h5 44. Rg2 h4 45. Bf7+ Kh6
46. Rf5 Rhf8 47. Rgxg5 Rxf7 48. Rh5+ Kg7 49. Rxf7+ Kxf7 50. Rxh4 Ke6 51. Rd4
1-0

[Event "Championnat de Paris Open A"]
[Site "Paris"]
[Date "2012.07.08"]
[Round "2.76"]
[White "Masset, Jacques"]
[Black "Claisse, Patrick"]
[Result "1-0"]
[WhiteElo "2031"]
[BlackElo "1879"]
[PlyCount "77"]
[EventDate "2012.??.??"]

1. d4 Nf6 2. c4 g6 3. Nc3 d5 4. Nf3 Bg7 5. Bg5 Ne4 6. cxd5 Nxc3 7. bxc3 Qxd5 8.
Qb3 Qxb3 9. axb3 c5 10. e3 Nc6 11. Bb5 Bd7 12. O-O e6 13. Rfd1 cxd4 14. exd4
O-O 15. Rac1 Rac8 16. c4 Nb8 17. Bxd7 Nxd7 18. d5 e5 19. b4 a5 20. bxa5 Nc5 21.
Be7 Rfe8 22. d6 Nd7 23. Rb1 Bf8 24. Bxf8 Kxf8 25. Rxb7 Red8 26. Rc7 Ke8 27. Re1
Rxc7 28. dxc7 Rc8 29. Nxe5 Nxe5 30. Rxe5+ Kd7 31. a6 Rxc7 32. Ra5 Rxc4 33. f3
Rc8 34. a7 Ra8 35. Kf2 Kc6 36. Ke3 Kb7 37. Kd4 Kb6 38. Ra2 Kb7 39. Ke5 1-0

[Event "Championnat de Paris Open A"]
[Site "Paris"]
[Date "2012.07.08"]
[Round "2.77"]
[White "Gauthier, Arnaud"]
[Black "Zeller, Olivier"]
[Result "0-1"]
[WhiteElo "1913"]
[BlackElo "2013"]
[PlyCount "118"]
[EventDate "2012.??.??"]

1. d4 d5 2. c4 dxc4 3. e3 a6 4. Bxc4 e6 5. Nf3 Nf6 6. O-O c5 7. Qe2 b5 8. Bb3
Bb7 9. Rd1 Nbd7 10. Bc2 Qb6 11. b3 cxd4 12. Nxd4 Bc5 13. Bb2 Rc8 14. Nf3 Qc6
15. Bd3 O-O 16. Ne1 Rfd8 17. Nd2 Qb6 18. a4 Bc6 19. a5 Qb7 20. Rdc1 Bd6 21.
Ndf3 Qb8 22. h3 Ne5 23. Bc2 Be4 24. Bxe4 Nxe4 25. Nd3 Nxf3+ 26. gxf3 Nc5 27.
Nxc5 Rxc5 28. f4 Rdc8 29. Rxc5 Rxc5 30. Qg4 Bf8 31. Rd1 Rc2 32. Ba1 Qc8 33. Bd4
Rc1 34. h4 Qc2 35. Rxc1 Qxc1+ 36. Kg2 Qc6+ 37. f3 Qc2+ 38. Kg3 Qxb3 39. h5 Qb1
40. e4 h6 41. f5 Qe1+ 42. Bf2 exf5 43. Qxf5 Qxa5 44. Qc8 b4 45. Qb8 Qg5+ 46.
Kh2 Qxh5+ 47. Kg2 Qg6+ 48. Kf1 Qd6 49. Qa7 b3 50. Bd4 b2 51. Bxb2 Qd1+ 52. Kg2
Qc2+ 53. Qf2 Qxf2+ 54. Kxf2 a5 55. Kg3 a4 56. f4 a3 57. Ba1 Bb4 58. Kg4 Bd2 59.
f5 Bc1 0-1

[Event "Championnat de Paris Open A"]
[Site "Paris"]
[Date "2012.07.08"]
[Round "2.78"]
[White "Maubert, Nicolas"]
[Black "Kvashyna, Tetyana"]
[Result "1-0"]
[WhiteElo "2010"]
[BlackElo "1875"]
[PlyCount "103"]
[EventDate "2012.??.??"]

1. Nf3 d5 2. c4 e6 3. d4 c6 4. Qc2 Nf6 5. g3 Bb4+ 6. Bd2 Bxd2+ 7. Nbxd2 Nbd7 8.
Bg2 O-O 9. O-O b6 10. e4 Nxe4 11. Nxe4 dxe4 12. Qxe4 Bb7 13. b4 Rc8 14. Rfd1
Ba6 15. Rac1 Qe7 16. a3 Rfd8 17. Ne5 Nxe5 18. dxe5 Rc7 19. Bf3 g6 20. Qf4 Rxd1+
21. Rxd1 Kg7 22. h4 h5 23. Rd6 c5 24. b5 Bb7 25. Bc6 Bc8 26. a4 Bb7 27. Qe4 Bc8
28. Qf4 Bb7 29. Kf1 f6 30. Rxe6 Qxe6 31. exf6+ Kg8 32. Qxc7 Qxc4+ 33. Kg1 Qf7
34. Qxb7 Qxb7 35. Bxb7 Kf7 36. Kf1 Kxf6 37. Ke2 g5 38. hxg5+ Kxg5 39. Bc8 Kf6
40. f4 Ke7 41. Kd3 Kf6 42. Kc4 Ke7 43. Bf5 Kf6 44. Bh7 Kg7 45. Be4 Kh6 46. Kd5
h4 47. gxh4 Kh5 48. Kc6 Kxh4 49. Kb7 c4 50. Kxa7 Kg4 51. Kxb6 Kxf4 52. Bh7 1-0